000 01157nam a2200313 i 4500
001 67411
003 ES-MaACL
005 20250902225543.0
007 t|
008 040525s2003 sp ad |||| | spa d
020 _a84-8432-382-X
080 _a338.45(460)(084.4)
245 0 0 _aAtlas de la industrialización de España, 1750-2000 /
_cdirector, Jordi Nadal Oller ; directores adjuntos, Josep M. Benaul y Carles Sudriáa ; secretaria de redacción, Paloma Fernández ; asistencia técnica e informática, Raimon Soler.
250 _a1ª ed.
260 _aBarcelona :
_bCrítica,
_c2003.
300 _a664 p :
_bil., gráf ;
_c33 cm +
_e1 disco (CD-ROM)
500 _aÍndices.
500 _aEn port.: Fundación BBVA.
650 1 4 _aDesarrollo industrial-
_zEspaña-
_vAtlas.
_911808
700 1 _aNadal, Jordi.
_984797
700 1 _aBenaul i Berenguer, Josep M.
_927435
700 1 _aSudriáa i Triay, Carles.
_9132949
700 1 _aFernández, Paloma.
_949417
700 1 _aSoler, Raimon.
_9107160
710 2 _aFundación BBVA
_94230
852 _aES-MaACL
_jL-27653
852 _aES-MaACL
_jROT 1/7/20
_z- CD-ROM
999 _c67411
_d67411